00581 2200217 4500001002100000005001700021008004100038020001800079035002400097090001500121100001200136245004900148260003300197300001900230500003100249650003300280850001500313980001400328985000600342999001500348YOGYA-0209000002659320090227024053.0 ind  a979-8061-05-9 0010-020900000026593 a351bSuy A aSUYAMTO aAspek-aspek pengawasan di IndonesiacSuyamto aJakartabSinar Grafikac1987 a202 hlmc21 cm aBibliografi : hlm. 149-151 aPengawasan umum (Pemerintah) aYOPDYOG(B) a12-2-2007 a1 a06A0013558